000 00452nam a2200181Ia 4500
001 7545
005 20260306160503.0
008 260306t2004||||xx |||||||||||||| ||spa||
041 _aESP
082 _a339.46
_bV35
100 _aVásquez, Enrique
_eAUT
245 0 _a¿Cómo reducir la pobreza y la inequidad en América Latina?
260 _c2004
300 _a376páginas :
_c21cm.
650 _aGEN
654 _aCAN
942 _cLIB
_dJUS
_fJUS
_2ddc
_n
999 _c7545
_d7545